Statistics for Prey Major Characters

Click here to take the quiz!

General Stats

  • This quiz has been taken 4 times
  • The average score is 15 of 19

Answer Stats

HintAnswer% Correct
Protagonist's BrotherAlex Yu
100%
Requires her voice to access deep storageDanielle Sho
100%
Black guy who you can choose to rescue from a container in spaceDayo Igwe
100%
Protagonist's Faulty OperatorDecember
100%
Protagonist's OperatorJanuary
100%
Italian Scientist who Invented the looking glassLorenzo Calvino
100%
ProtagonistMorgan Yu
100%
Head of Security on Talos 1Sarah Elazar
100%
Private military commander hired by William YuWalther Dahl
100%
Protagonist's FatherWilliam Yu
100%
Chef that he is impersonatingWill Mitchell
100%
American Criminal who you can choose to rescue or feed to mimicsAaron Ingram
50%
Girlfriend of previous who gets murderedAbigail Foy
50%
Protagonist's MotherCatherine Yu
50%
Talented Pianist who awed previousGustav Leitner
50%
Ukrainian who escapes volunteer area and murders previousLuka Golubkin
50%
Briefy Dated the ProtagonistMikhaila Ilyushin
50%
Scientist testing you in the begining of the gameSylvian Bellamy
50%
Cooking Operator created by protagonist and chefSkillet
0%

Score Distribution

Percentile by Number Answered

Percent of People with Each Score

Your Score History

You have not taken this quiz